|
|
|
|
| LEADER |
01230nam a2200301 a 4500 |
| 001 |
2631325 |
| 008 |
090713s1999 nyuab b 001 0 eng d |
| 010 |
|
|
|a 99034561
|
| 020 |
|
|
|a 0321067657
|
| 020 |
|
|
|a 9780321067661
|
| 040 |
|
|
|a DLC
|c DLC
|d C#P
|d BTCTA
|d DLC
|
| 082 |
0 |
0 |
|a 820.8/008
|2 21
|
| 245 |
0 |
4 |
|a The Longman anthology of British literature.
|n volume 2A,
|p The Victorian age /
|c David Damrosch, general editor ; [compiled by] Heather Henderson and William Sharpe.
|
| 246 |
3 |
0 |
|a Anthology of British literature
|
| 246 |
3 |
0 |
|a Victorian age
|
| 260 |
|
|
|a New York :
|b Longman,
|c c1999.
|
| 300 |
|
|
|a xlii, 1071 p. :
|b ill., maps ;
|c 24 cm.
|
| 500 |
|
|
|a Maps on inside covers.
|
| 504 |
|
|
|a Includes bibliographical references and index.
|
| 541 |
1 |
|
|e 00016578
|
| 650 |
|
0 |
|a English literature
|y 19th century.
|
| 651 |
|
0 |
|a Great Britain
|x History
|y Victoria, 1837-1901
|v Literary collections.
|
| 700 |
1 |
|
|a Damrosch, David.
|
| 700 |
1 |
|
|a Henderson, Heather,
|d 1955-
|
| 700 |
1 |
|
|a Sharpe, William.
|
| 852 |
4 |
|
|a Ayesha Abed Library
|j General Shelf.
|
| 999 |
|
|
|c 2311
|d 2311
|
| 952 |
|
|
|0 0
|1 0
|2 ddc
|4 0
|6 820_801450000000000_LON
|7 0
|9 2134
|a BRACUL
|b BRACUL
|c GEN
|d 2009-07-13
|g 1785.00
|l 0
|o 820.80145 LON
|p 3010016578
|r 2009-07-13
|t 1
|w 2009-07-13
|y BK
|